Football clubs with icons/heroes in EAFC 24 - Statistics

General Stats
  • This quiz has been taken 88 times
  • The average score is 29 of 64
Answer Stats
Team Nation # % Correct
Man United England ๐Ÿด๓ ง๓ ข๓ ฅ๓ ฎ๓ ง๓ ฟ 14
100%
Real Madrid Spain ๐Ÿ‡ช๐Ÿ‡ธ 11
97%
Barcelona Spain ๐Ÿ‡ช๐Ÿ‡ธ 12
96%
Inter Italy ๐Ÿ‡ฎ๐Ÿ‡น 2
96%
AC Milan Italy ๐Ÿ‡ฎ๐Ÿ‡น 10
95%
Arsenal England ๐Ÿด๓ ง๓ ข๓ ฅ๓ ฎ๓ ง๓ ฟ 8
95%
Juventus Italy ๐Ÿ‡ฎ๐Ÿ‡น 6
94%
Liverpool England ๐Ÿด๓ ง๓ ข๓ ฅ๓ ฎ๓ ง๓ ฟ 8
94%
Chelsea England ๐Ÿด๓ ง๓ ข๓ ฅ๓ ฎ๓ ง๓ ฟ 9
91%
Bayern Germany ๐Ÿ‡ฉ๐Ÿ‡ช 7
90%
Ajax Netherlands ๐Ÿ‡ณ๐Ÿ‡ฑ 4
87%
Atletico Madrid Spain ๐Ÿ‡ช๐Ÿ‡ธ 3
81%
PSG France ๐Ÿ‡ซ๐Ÿ‡ท 2
81%
Man City England ๐Ÿด๓ ง๓ ข๓ ฅ๓ ฎ๓ ง๓ ฟ 3
73%
Tottenham England ๐Ÿด๓ ง๓ ข๓ ฅ๓ ฎ๓ ง๓ ฟ 3
71%
Roma Italy ๐Ÿ‡ฎ๐Ÿ‡น 1
69%
Dortmund Germany ๐Ÿ‡ฉ๐Ÿ‡ช 2
68%
Marseille France ๐Ÿ‡ซ๐Ÿ‡ท 2
63%
Newcastle England ๐Ÿด๓ ง๓ ข๓ ฅ๓ ฎ๓ ง๓ ฟ 1
63%
Santos Brazil ๐Ÿ‡ง๐Ÿ‡ท 2
63%
Lazio Italy ๐Ÿ‡ฎ๐Ÿ‡น 1
60%
Lyon France ๐Ÿ‡ซ๐Ÿ‡ท 1
60%
Benfica Portugal ๐Ÿ‡ต๐Ÿ‡น 1
51%
Fiorentina Italy ๐Ÿ‡ฎ๐Ÿ‡น 1
50%
Boca Jrs Argentina ๐Ÿ‡ฆ๐Ÿ‡ท 1
49%
West Ham England ๐Ÿด๓ ง๓ ข๓ ฅ๓ ฎ๓ ง๓ ฟ 1
49%
Celtic Scotland ๐Ÿด๓ ง๓ ข๓ ณ๓ ฃ๓ ด๓ ฟ 1
47%
River Plate Argentina ๐Ÿ‡ฆ๐Ÿ‡ท 1
47%
Everton England ๐Ÿด๓ ง๓ ข๓ ฅ๓ ฎ๓ ง๓ ฟ 1
45%
Galatasaray Tรผrkiye ๐Ÿ‡น๐Ÿ‡ท 1
45%
Parma Italy ๐Ÿ‡ฎ๐Ÿ‡น 3
44%
Flamengo Brazil ๐Ÿ‡ง๐Ÿ‡ท 1
41%
Monaco France ๐Ÿ‡ซ๐Ÿ‡ท 1
41%
Sevilla Spain ๐Ÿ‡ช๐Ÿ‡ธ 1
41%
Feyenoord Netherlands ๐Ÿ‡ณ๐Ÿ‡ฑ 1
40%
LA Galaxy USA ๐Ÿ‡บ๐Ÿ‡ธ 1
38%
Leicester City England ๐Ÿด๓ ง๓ ข๓ ฅ๓ ฎ๓ ง๓ ฟ 1
35%
Al Hilal Saudi Arabia ๐Ÿ‡ธ๐Ÿ‡ฆ 1
33%
Sรฃo Paulo Brazil ๐Ÿ‡ง๐Ÿ‡ท 1
33%
Bordeaux France ๐Ÿ‡ซ๐Ÿ‡ท 1
32%
Leeds England ๐Ÿด๓ ง๓ ข๓ ฅ๓ ฎ๓ ง๓ ฟ 1
32%
Corinthians Brazil ๐Ÿ‡ง๐Ÿ‡ท 1
29%
Leverkusen Germany ๐Ÿ‡ฉ๐Ÿ‡ช 1
28%
Dynamo Moscow Russia ๐Ÿ‡ท๐Ÿ‡บ 1
27%
Botafogo Brazil ๐Ÿ‡ง๐Ÿ‡ท 2
26%
Deportivo La Coruna Spain ๐Ÿ‡ช๐Ÿ‡ธ 1
24%
Nantes France ๐Ÿ‡ซ๐Ÿ‡ท 2
22%
Udinese Italy ๐Ÿ‡ฎ๐Ÿ‡น 1
21%
Bolton England ๐Ÿด๓ ง๓ ข๓ ฅ๓ ฎ๓ ง๓ ฟ 1
19%
Sampdoria Italy ๐Ÿ‡ฎ๐Ÿ‡น 1
19%
Stuttgart Germany ๐Ÿ‡ฉ๐Ÿ‡ช 1
19%
Fulham England ๐Ÿด๓ ง๓ ข๓ ฅ๓ ฎ๓ ง๓ ฟ 1
18%
Celta Vigo Spain ๐Ÿ‡ช๐Ÿ‡ธ 1
17%
Stoke City England ๐Ÿด๓ ง๓ ข๓ ฅ๓ ฎ๓ ง๓ ฟ 1
12%
Houston Dynamo USA ๐Ÿ‡บ๐Ÿ‡ธ 1
10%
Montpellier France ๐Ÿ‡ซ๐Ÿ‡ท 1
10%
Portsmouth England ๐Ÿด๓ ง๓ ข๓ ฅ๓ ฎ๓ ง๓ ฟ 1
9%
Racing Club Argentina ๐Ÿ‡ฆ๐Ÿ‡ท 1
6%
UNAM Pumas Mexico ๐Ÿ‡ฒ๐Ÿ‡ฝ 1
6%
Al Shabab Saudi Arabia ๐Ÿ‡ธ๐Ÿ‡ฆ 1
5%
Estudiantes Argentina ๐Ÿ‡ฆ๐Ÿ‡ท 1
3%
Widzew Lodz Poland ๐Ÿ‡ต๐Ÿ‡ฑ 1
3%
Hiratsuka Japan ๐Ÿ‡ฏ๐Ÿ‡ต 1
1%
Necaxa Mexico ๐Ÿ‡ฒ๐Ÿ‡ฝ 1
1%
No matching quizzes found
Score Distribution
Percent of People with Each Score
Percentile by Number Answered
Your Score History
You have not taken this quiz